| 000 | 01285nam a2200433 a 4500 | ||
|---|---|---|---|
| 001 | 21486 | ||
| 003 | VRT | ||
| 005 | 20260302141724.0 | ||
| 008 | 170201s2016 xo d 000 fdslo d | ||
| 020 | _a9788081148187 (viaz.) | ||
| 035 | _aa000576398 | ||
| 039 | 9 |
_a201712150808 _bizakovicm _c201702160914 _dizakovicm _c201702130809 _dpechova _c201702010911 _dedita |
|
| 040 |
_aTVZK _bslo _cUKB _eAACR2 |
||
| 041 | 0 | _aslo | |
| 044 |
_axo _cSK |
||
| 072 | 7 |
_a821.162.4-3 _xSlovenská próza _2konspekt |
|
| 080 |
_a(0:82-312.4) _22004 |
||
| 080 |
_a(0:82-311.4) _22004 |
||
| 080 |
_a821.162.4-31 _22004 |
||
| 100 | 1 |
_aHlavatá, Dana, _d1957- |
|
| 245 | 1 | 0 |
_aObžalovaná seďte! _cDana Hlavatá |
| 250 | _a1. vyd. | ||
| 260 |
_aBratislava _bMarenčin PT _cc2016 |
||
| 300 | _a253 s. | ||
| 653 | _a821.162.4-31 | ||
| 653 | _a(0:82-312.4) | ||
| 653 | _a(0:82-311.4) | ||
| 655 | 7 |
_aslovenské romány _2UKBPH |
|
| 655 | 7 |
_akriminálne romány _2UKBPH |
|
| 655 | 7 |
_aspoločenské romány _2UKBPH |
|
| 910 | _atvzk | ||
| 910 | _atotk | ||
| 910 | _ahevk | ||
| 910 | _aukb | ||
| 942 |
_2ddc _cKLDO _n0 |
||
| 949 |
_61800716215 _aSJ.D.08796 _bPV.2017-397 |
||
| 949 |
_61800716216 _aSK.D.75923 _bPV.2017-398 _s6707:20170220 |
||
| 999 |
_c21486 _d21486 |
||